00548nam a2200157 a 450000100100000000500170001000800410002702000150006804000250008310000290010824500510013726000450018830000350023395201050026899900170037300003884620201002031407.0130430s2004 dr 000 0 spa d a999342367X aDO-SdBNPbspacBNPHU1 aSánchez, Nicole95491313aLa disolución del tiempo /cNicole Sánche. aSanto Domingo :bAmigo del Hogar,c2004. a45 p. :bil., retrs. ;c20 cm. 0010718PDaPDbPDcCTd2013-04-30iLF1l0o p38846-10r2020-06-25w2020-06-25yLFPDZNo se presta c38336d38336